| 000 | 00611nam a2200229 i 4500 | ||
|---|---|---|---|
| 001 | bg | ||
| 100 | 1 | _aBOCZEK, Jan | |
| 245 | 1 | 0 |
_aNiechemiczne metody zwalczania szkodników roślin / _cJan Boczek. |
| 260 |
_aWarszawa : _bWydaw. SGGW, _c1992. |
||
| 300 |
_a242 s. ; _c24 cm. |
||
| 504 | _aIndeks. | ||
| 650 | 9 |
_aOwady szkodliwe _xzwalczanie |
|
| 650 | 9 |
_aRośliny _xochrona |
|
| 655 | _aPodręczniki akademickie | ||
| 020 | _a8300027378 | ||
| 040 | _cBPK | ||
| 041 | 0 | _apl | |
| 080 | _a632.6/.7:632.9](075.8) | ||
| 920 | _a83-00-02737-8 | ||
| 942 | _cKS | ||
| 008 | s pl f |000 0 pol | ||
| 999 |
_c25077 _d25077 |
||
| 856 |
_uhttp://koha.tu.koszalin.pl/cgi-bin/koha/opac-detail.pl?biblionumber=25077 _yKatalog online BPK |
||